Países classificados pra a copa de 2026 - Statistics

Estatísticas Gerais
  • Esse quiz foi jogado 72 vezes
  • A pontuação média é 38 de 48
Estatísticas das Respostas
Grupo Seleção % Correto
C Brasil
98%
J Argentina
97%
K Portugal
95%
E Alemanha
94%
I França
94%
A México
94%
K Colômbia
92%
H Espanha
92%
B Canadá
91%
D Estados Unidos
91%
C Marrocos
91%
H Uruguai
91%
L Inglaterra
89%
G Irã
88%
A África do Sul
86%
A Coreia do Sul
86%
B Suíça
86%
F Japão
85%
D Paraguai
85%
E Equador
83%
F Países Baixos
83%
I Senegal
83%
F Suécia
83%
D Austrália
82%
G Egito
82%
G Bélgica
78%
C Escócia
78%
I Noruega
78%
C Haiti
77%
G Nova Zelândia
75%
H Arábia Saudita
74%
B Bósnia e Herzegovina
74%
D Turquia
72%
J Áustria
71%
L Croácia
69%
L Gana
69%
E Curaçao
68%
I Iraque
68%
L Panamá
66%
B Qatar
66%
F Tunísia
66%
H Cabo Verde
65%
E Costa do Marfim
65%
K RD Congo
65%
J Argélia
63%
A Republica Checa
62%
K Uzbequistão
58%
J Jordânia
46%
Nenhum quiz correspondente encontrado
Distribuição das Pontuações
Porcentagem de Pessoas com Cada Pontuação
Percentil de Números Respondidos
Sua Pontuação Histórica
Você não jogou esse quiz